Wakfu- Amalia - Statistiques

Statistiques générales
  • Ce quiz a été pris 33 fois
  • Le résultat moyen est 18 sur 25
Statistiques - réponses
Questions Réponses % Correct
Quel est le nom du personnage? Amalia Sheran Sharm
100%
Quelle est sa classe (son « espèce ») Sadida
100%
Dans qu’elle série apparaît-il? Wakfu
100%
Quel est son âge au début de la série? 13 ans
97%
Quel est son âge lors de la saison 3 (actuellement la dernière)? 21 ans
97%
Son travail Princesse du royaume Sadida
97%
Ses amis Dragon Adamaï
93%
Crâ Évangelyne
93%
Énutrophe Ruel
93%
Chevalier Iop Tristepin
93%
Eliatrope Yugo
93%
Ennemi Saison 1 Noximilien
90%
Saison 2 Qilby
83%
Sa famille Père Roi Sheran Sharm
83%
Saison 3 Oropo
79%
Frère Prince Armand Sheran Sharm
72%
Mère Reine Sheran Sharm
72%
Adamaï
62%
Arme Poupées Vadou
48%
Épisode Spéciaux Dame Écho
45%
Ush
45%
Comte Harbourg
41%
Ogrest
41%
Aptitudes Contrôle de la nature
14%
Ronces
14%
Aucun quiz correspondant
Distribution des résultats
% des personnes avec chaque résultat
Percentile par nombre de réponses
Votre historique - résultats
Vous n’avez pas pris ce quiz